Croatia Country Quiz - Statistics

General Stats
  • This quiz has been taken 332 times
    328 since last reset
  • The average score is 10 of 13
Answer Stats
Hint Answer % Correct
second largest city Split
95%
City called "Pearl of the Adriatic" Dubrovnik
88%
Currency Kuna
85%
Largest island Krk or cres
84%
third largest city Rijeka
83%
Una River forms border with what country? Bosnia and Herzegovina
81%
Largest national park known for lakes Plitvice Lakes NP
72%
River that forms border with Hungary Drava
69%
Peninsula home to Pula Istria
69%
River that froms part of border with Serbia Danube
67%
Large island between Hvar Island and Split Brac
61%
Highest Peak Dinara
53%
Region of Northeast Croatia home to Serb Minority Slavonia
48%
No matching quizzes found
Score Distribution
Percent of People with Each Score
Percentile by Number Answered
Your Score History
You have not taken this quiz since the last reset